Lyrics to 'things i wish you said' by Sabrina Carpenter - Statistics

General Stats
  • This quiz has been taken 97 times
  • The average score is 185 of 207
Answer Stats
Answer % Correct
a
100%
I
100%
said
100%
the
100%
The
100%
things
100%
Things
100%
wish
100%
you
100%
me
98%
me"
98%
to
98%
an
96%
in
96%
like
96%
Like
96%
that
96%
That
96%
"And
94%
and
94%
I'm
94%
it
94%
my
94%
of
94%
on
94%
your
94%
as
92%
can't
92%
night
92%
think
92%
about
90%
accident"
90%
at
90%
Baby
90%
dark
90%
get
90%
got
90%
know
90%
sister
90%
sorry
90%
Sorry
90%
didn't
88%
do
88%
for
88%
out
88%
room"
88%
saw
88%
these
88%
asleep
85%
car
85%
else
85%
fall
85%
hair
85%
hell
85%
left
85%
or
85%
side
85%
there
85%
with
85%
before
83%
"Darling
83%
don't
83%
head
83%
"It's
83%
it's
83%
jealous
83%
life
83%
never
83%
not
83%
say
83%
somebody
83%
well
83%
what
83%
When
83%
you'll
83%
always
81%
gets
81%
over
81%
reach
81%
time
81%
apology
79%
day
79%
death
79%
everything
79%
fucking
79%
here
79%
myself
79%
Nobody
79%
real
79%
rude
79%
scared
79%
thinks
79%
waste
79%
even
77%
everyone
77%
God
77%
handle
77%
hope
77%
idiotic
77%
I'll
77%
jokes
77%
loving
77%
reminds
77%
songs
77%
cry
75%
leg
75%
make
75%
One
75%
stomach
75%
sure
75%
watching
75%
pulled
69%
met
67%
Without
67%
Ooh
46%
ooh
46%
No matching quizzes found
Score Distribution
Percent of People with Each Score
Percentile by Number Answered
Your Score History
You have not taken this quiz